000 01317cam a2200349 i 4500
999 _c232639
_d232639
001 870318
003 Nust
005 20170221183008.0
008 790118s1978 enk 000 1 eng
010 _a 79300035
015 _aGB78-27700
020 _a9780140443530
_c£1.50 ($3.95)
040 _aDLC
_cDLC
_dDLC
_dOCoLC
_dDLC
041 1 _aengfre
043 _ae-fr---
050 0 0 _aPZ3.H875
_bNo 1978
082 0 0 _a843.7
_bHUG
100 1 _aHugo, Victor,
_d1802-1885.
240 1 0 _aNotre-Dame de Paris.
_lEnglish
245 1 0 _aNotre-Dame of Paris /
_cby Victor Hugo ; translated [from the French] by John Sturrock.
260 _aHarmondsworth ;
_aNew York :
_bPenguin,
_c1978.
300 _a498 p. ;
_c18 cm.
490 0 _aPenguin classics
500 _aTranslation of Notre-Dame de Paris.
651 0 _aFrance
_xHistory
_yLouis XI, 1461-1483
_xFiction.
651 0 _aParis (France)
_xHistory
_yTo 1515
_xFiction.
655 7 _aRomances.
_2gsafd
700 1 _aSturrock, John.
856 4 2 _3Contributor biographical information
_uhttp://www.loc.gov/catdir/enhancements/fy1206/79300035-b.html
856 4 2 _3Publisher description
_uhttp://www.loc.gov/catdir/enhancements/fy1505/79300035-d.html
906 _a7
_bcbc
_corignew
_d3
_encip
_f19
_gy-gencatlg
942 _2ddc
_cBK